000 00594nam a2200217Ia 4500
005 20250326144206.0
008 250326s9999 xx 000 0 und d
020 _a0-7619-9746-6
037 _aTextbook
040 _aFMSL
_beng
_cFMSL
041 _aeng
_2eng
084 _aX:8.2 P4
_qFMSL
100 _aFerdez Joseph
_9749220
245 0 _aCorporate communications -21st century primer
_cFerdez Joseph
260 _aNew Delhi
_bNew Delhi, Response books
_c2004
300 _a282p
365 _b395
650 _aNovel
942 _cTB
_hX:8.2 P4
999 _c1302734
_d1302734